| 000 -CABECERA |
| fixed length control field |
01021nam a22002297i 4500 |
| 003 - IDENTIFICADOR DEL NÚMERO DE CONTROL |
| control field |
AR-CdUCM |
| 008 - DATOS DE LONGITUD FIJA--INFORMACIÓN GENERAL |
| fixed length control field |
260423b20222022 pe||||| |||| 00| 0 spa d |
| 020 ## - NÚMERO INTERNACIONAL ESTÁNDAR DEL LIBRO |
| ISBN |
978-9972-46-704-2 |
| 040 ## - FUENTE DE LA CATALOGACIÓN |
| Agencia/entidad que catalogó originalmente la obra |
MUNICIPALIDAD PROVINCIAL DEL CUSCO |
| Entidad que transcribió la catalogación |
BIBLIOTECA MUNICIPAL DEL CUSCO |
| 082 ## - NÚMERO DE LA CLASIFICACIÓN DECIMAL DEWEY |
| No. de Clasificación |
434.2 |
| Notacion interna |
W48 |
| 100 ## - ENTRADA PRINCIPAL--NOMBRE DE PERSONA |
| Nombre Personal |
Westphalen Rodriguez, Yolanda |
| 245 ## - MENCIÓN DE TÍTULO |
| Título |
El eslabón perdido : |
| Resto del título |
Surrealismo, indigenismo y neoindigenismo en Abril, Arguedas, Moro y Westphalen / |
| 260 ## - PUBLICACIÓN, DISTRIBUCIÓN, ETC. |
| Lugar de publicación, distribución, etc. |
Lima: |
| Nombre de la editorial, distribuidor, etc. |
Universidad Nacional Mayor de San Marcos - Fondo Editorial |
| Fecha de publicación, distribución, etc. |
2022 |
| 300 ## - DESCRIPCIÓN FÍSICA |
| Nº de Páginas Extensión |
305 páginas. : |
| Dimensiones |
24x17 cm. |
| 500 ## - NOTA GENERAL |
| Bibliografía |
Páginas: 287-305 |
| 505 ## - NOTA DE CONTENIDO CON FORMATO |
| Nota de contenido formateada |
El siglo XIX, antecedentes -- La primera exposición surrealista latinoamericana de 1935 -- La lectura y el doble reflejo de la obra -- La polémica Moro-Huidobro y El obispo embotellado -- El histórico 1939 |
| 650 ## - PUNTO DE ACCESO ADICIONAL DE MATERIA--TÉRMINO DE MATERIA |
| Descriptor |
Vanguardia y nuevo paradigma |
| 9 (RLIN) |
52662 |
| 650 ## - PUNTO DE ACCESO ADICIONAL DE MATERIA--TÉRMINO DE MATERIA |
| Descriptor |
Mito y utopía surrealista |
| 9 (RLIN) |
52663 |
| 942 ## - ELEMENTOS DE PUNTO DE ACCESO ADICIONAL (KOHA) |
| Fuente de clasificación |
|
| Tipo de item |
Libros-BMC |
| 945 ## - PROCESAMIENTO DE INFORMACIÓN LOCAL (OCLC) |
| Catalogador |
pbjr |
| AAAA-MM-DD - Fecha de ingreso o modificacion |
23-04-2026 |